Effectif détaillé du Paris Saint-Germain saison 2023-2024 - Statistiques

Statistiques générales
  • Ce quiz a été pris 176 fois
    124 depuis la dernière actualisation
  • Le résultat moyen est 28 sur 40
Statistiques - réponses
Nationalité Poste Ancien club Numéro Réponse % Correct
Costa Rica Gardien Real Madrid 1 Keylor Navas
99%
Espagne Coach Luis Enrique
95%
Italie Gardien Milan AC 99 Gianluigi Donnarumma
94%
France Defenseur Formé au PSG 3 Presnel Kimpembe
92%
Brésil Defenseur AS Roma 5 Marquinhos
89%
Espagne Gardien Séville 16 Sergio Rico
89%
Maroc Defenseur Inter Milan 2 Achraf Hakimi
88%
France Attaquant AS Monaco 7 Kylian Mbappé
88%
France Defenseur Bayern Munich 21 Lucas Hernandez
87%
France Attaquant FC Barcelone 10 Ousmane Dembélé
85%
Slovaquie Defenseur Inter Milan 37 Milan Skriniar
84%
Portugal Attaquant Benfica Lisbonne* 9 Gonçalo Ramos
83%
Uruguay Milieu Sporting CP 4 Manuel Ugarte
80%
France Gardien Orléans 30 Alexandre Letellier
79%
Espagne MIlieu Naples 8 Fabian Ruiz
79%
Espagne Attaquant Real Madrid 11 Marco Asensio
79%
Portugal Defenseur Sporting CP 25 Nuno Mendes
78%
Espagne Milieu Valence CF 28 Carlos Soler
76%
France Defenseur RB Leipzig 26 Nordi Mukiele
76%
Portugal MIlieu FC Porto 15 Danilo Pereira
75%
France Attaquant Stade de Reims 44 Hugo Ekitike
75%
Portugal Milieu FC Porto 17 Vitinha
75%
France Milieu Formé au PSG 33 Warren Zaïre-Emery
72%
Espagne Defenseur Bayern Munich 14 Juan Bernat
70%
Espagne Gardien Barcelone B 40 Arnau Tenas
69%
Italie Milieu Pescara 6 Marco Verratti
67%
Portugal MIlieu LOSC Lille 18 Renato Sanches
66%
Pays-Bas Milieu Liverpool Georgino Wijnaldum
63%
Allemagne Milieu Wolfsburg 34 Julian Draxler
62%
Corée du Sud Milieu RCD Majorque 19 Lee Kang-in
62%
Argentine Milieu Zénith Leandro Paredes
61%
France Defenseur AS Monaco 32 Layvin Kurzawa
55%
Sénégal Defenseur Borussia Dortmund 22 Abdou Diallo
54%
Italie Milieu Benfica Lisbonne 27 Cher Ndour
46%
Espagne Milieu Formé au PSG 35 Ismaël Gharbi
41%
France Defenseur Formé au PSG Colin Dagba
31%
France Attaquant Formé au PSG 39 Ilyes Housni
31%
France Defenseur Formé au PSG 29 Timothée Pembele
30%
France Milieu Formé au PSG 38 Edouard Michut
21%
Portugal Defenseur FC Porto 36 Serif Nhaga
13%
Aucun quiz correspondant
Distribution des résultats
% des personnes avec chaque résultat
Percentile par nombre de réponses
Votre historique - résultats
Vous n’avez pas pris ce quiz depuis la dernière actualisation